Microeconomics and behavior
Enregistré dans:
| Auteur principal: | |
|---|---|
| Format: | Livre |
| Langue: | anglais |
| Publié: |
Boston
Irwin/McGraw-Hill
2000
|
| Édition: | 4th ed. |
| Sujets: | |
| Tags: |
Pas de tags, Soyez le premier à ajouter un tag!
|
MARC
| LEADER | 00000nam$a2200000$$$4500 | ||
|---|---|---|---|
| 001 | 0090238 | ||
| 005 | 20221129101100.1 | ||
| 020 | |a 0-07-116947-4 | ||
| 041 | 0 | |a eng | |
| 044 | |a US | ||
| 245 | 1 | 0 | |a Microeconomics and behavior |c Robert H. Frank |
| 250 | |a 4th ed. | ||
| 264 | 1 | |a Boston |b Irwin/McGraw-Hill |c 2000 | |
| 300 | |a 672 s. | ||
| 610 | 2 | 0 | |a mikroekonomika |
| 610 | 2 | 0 | |a myslenie ekonomické |
| 610 | 2 | 0 | |a ponuka |
| 610 | 2 | 0 | |a dopyt |
| 610 | 2 | 0 | |a správanie spotrebiteľa |
| 610 | 2 | 0 | |a firmy |
| 610 | 2 | 0 | |a trh |
| 610 | 2 | 0 | |a práca |
| 610 | 2 | 0 | |a rovnováha |
| 610 | 2 | 0 | |a právo vlastnícke |
| 100 | 1 | |a Frank, Robert H. | |